00824cam a2200217Ia 450000500170000000800410001702000180005803500390007604000610011504100080017624500820018426000560026630000380032250400530036065000300041365000210044365000370046465000420050170000340054371000290057720240719100936.0101026s2010 enka r 001 0 eng d a9780415554923 a(OCoLC)671779444z(OCoLC)669248967 aCO-BoUCMbspacSandra PalaciodDavid Moreno (modificó)0 aeng00aGender, sexuality and museums ba Routledge reader ceditado por Amy K. Levin aMilton Park (Abingdon, Inglaterra)bRoutledgec2010 axiv, 322 Páginasbilustraciones aIncluye referencias bibliográficas e índices 7aMuseosxAspectos sociales 7aMuseos xMujeres 7aFeminismo xEstudios de género 7aRoles sexuales xDiversidad en museos1 aLevin, Amy K.,d1957-eeditor2 aRoutledge (Firm)eeditor